Atalanta Squad 2018-2019 - Statistics

General Stats
  • This quiz has been taken 20 times
  • The average score is 19 of 29
Answer Stats
# Position Nation Player % Correct
91 FW Colombia Duván Zapata
100%
88 MF Croatia Mario Pašalić
100%
10 FW Argentina Papu Gómez
100%
8 DF Germany Robin Gosens
100%
6 DF Argentina José Luis Palomino
94%
15 MF Netherlands Marten de Roon
94%
11 MF Switzerland Remo Freuler
94%
72 MF Slovenia Josip Iličić
88%
2 DF Italy Rafael Tolói
88%
19 DF Albania Berat Djimsiti
82%
1 GK Albania Etrit Berisha
82%
33 DF Netherlands Hans Hateboer
82%
99 FW Gambia Musa Barrow
82%
95 GK Italy Pierluigi Gollini
82%
44 FW Sweden Dejan Kulusevski
71%
- Coach Italy Gian Piero Gasperini
71%
21 DF Belgium Timothy Castagne
71%
31 GK Italy Francesco Rossi
65%
23 DF Italy Gianluca Mancini
65%
5 DF Italy Andrea Masiello
47%
41 DF Brazil Roger Ibañez
47%
53 DF Iraq Ali Adnan
41%
24 FW Argentina Emiliano Rigoni
41%
7 DF Poland Arkadiusz Reca
35%
22 MF Italy Matteo Pessina
29%
20 FW Italy Marco Tumminello
18%
4 MF Italy Luca Valzania
12%
30 DF Italy Marco Varnier
12%
13 DF Italy Davide Bettella
0%
No matching quizzes found
Score Distribution
Percent of People with Each Score
Percentile by Number Answered
Your Score History
You have not taken this quiz